00501nam a2200133Ia 4500008004100000082001500041100003000056245017000086260003900256300001400295520001100309650002800320700001900348230907s9999||||xx |||||||||||||| ||und|| a621.3bSHA aShayan Umar (00000317872) 0aExperimental Study of the Impact of Dew on Soiling and Automatic Surface-Cleaning Set-Up to Optimize the Electricity Production of PV Panels in Polluted Atmosphere / aUSPCAS-E, NUST,bIslamabad :c2022 axi, 53 p. aTH-416 aMS-ESE Thesis MS Thesis aDr Adeel Waqas